[Event "Ruhrgebiet Verbandsklasse Gruppe 2 1819"]
[Site "Nordrheinwestfalen"]
[Date "2018.09.23"]
[Round "1.4"]
[White "Mewes, Karsten"]
[Black "Zagrabski, Kevin"]
[Result "1/2-1/2"]
[WhiteElo "1939"]
[BlackElo "1871"]
[PlyCount "49"]
[EventDate "2018.09.23"]
[EventType "team-tourn"]
[EventRounds "9"]
[EventCountry "GER"]
[SourceTitle "EXT 2022"]
[Source "ChessBase"]
[SourceDate "2021.10.06"]
[SourceVersion "1"]
[SourceVersionDate "2021.10.06"]
[SourceQuality "1"]
[WhiteTeam "Dortmund FS"]
[BlackTeam "Kupferdreh Germania"]
[WhiteTeamCountry "GER"]
[BlackTeamCountry "GER"]

1. Nf3 d5 2. c4 c6 3. b3 Nf6 4. Bb2 Bf5 5. g3 e6 6. Bg2 Nbd7 7. 0-0 Bd6 8. d3 0-0 9. Nbd2 h6 10. a3 Qe7 11. Re1 e5 12. e4 dxe4 13. dxe4 Bh7 14. b4 a5 15. c5 Bc7 16. Qc2 axb4 17. axb4 Rxa1 18. Rxa1 Rc8 19. Bh3 g5 20. Bf5 Bxf5 21. exf5 b6 22. cxb6 Bxb6 23. Nc4 Bc7 24. b5 Qc5 25. bxc6 1/2-1/2

[Event "Ruhrgebiet Verbandsklasse Gruppe 2 1718"]
[Site "Germany"]
[Date "2018.04.29"]
[Round "9.3"]
[White "Borchert, Louis"]
[Black "Zagrabski, Kevin"]
[Result "1-0"]
[WhiteElo "1964"]
[BlackElo "1880"]
[PlyCount "83"]
[EventDate "2017.09.17"]
[EventType "team-tourn"]
[EventRounds "9"]
[EventCountry "GER"]
[SourceTitle "EXT 2022"]
[Source "ChessBase"]
[SourceDate "2021.10.06"]
[SourceVersion "1"]
[SourceVersionDate "2021.10.06"]
[SourceQuality "1"]
[WhiteTeam "Brackel SF II"]
[BlackTeam "Essen SK Germania Kupferdreh"]
[WhiteTeamCountry "GER"]
[BlackTeamCountry "GER"]

1. e4 g6 2. d4 Bg7 3. Nc3 d6 4. Be3 Nc6 5. Nge2 e5 6. Qd2 f5 7. f3 Bh6 8. 0-0-0 Bxe3 9. Qxe3 Nf6 10. dxe5 Nxe5 11. exf5 Bxf5 12. g4 Bxg4 13. fxg4 Nfxg4 14. Qg3 0-0 15. Nf4 Qg5 16. Nce2 Rxf4 17. Qxf4 Qxf4+ 18. Nxf4 Nf2 19. Bg2 Nxh1 20. Bxh1 Rb8 21. Ne6 c6 22. Rxd6 Re8 23. Ng5 Nc4 24. Re6 Rf8 25. Re1 Rf2 26. h3 Rh2 27. Be4 h6 28. Ne6 Kf7 29. Nd8+ Kf6 30. Nxb7 Rxh3 31. Bxc6 h5 32. Nc5 h4 33. b3 Ne3 34. Kd2 Nf5 35. Bd7 Rf3 36. Ne4+ Kg7 37. Bxf5 Rxf5 38. Rg1 Kh6 39. c4 g5 40. c5 Kh5 41. c6 Rd5+ 42. Ke3 1-0

[Event "Ruhrgebiet Verbandsklasse Gruppe 2 1718"]
[Site "Germany"]
[Date "2018.02.25"]
[Round "7.3"]
[White "Markus, Peter"]
[Black "Zagrabski, Kevin"]
[Result "1/2-1/2"]
[WhiteElo "1935"]
[BlackElo "1883"]
[PlyCount "26"]
[EventDate "2017.09.17"]
[EventType "team-tourn"]
[EventRounds "9"]
[EventCountry "GER"]
[SourceTitle "EXT 2022"]
[Source "ChessBase"]
[SourceDate "2021.10.06"]
[SourceVersion "1"]
[SourceVersionDate "2021.10.06"]
[SourceQuality "1"]
[WhiteTeam "Guennigfeld SV"]
[BlackTeam "Essen SK Germania Kupferdreh"]
[WhiteTeamCountry "GER"]
[BlackTeamCountry "GER"]

1. e4 g6 2. d4 Bg7 3. Nc3 d6 4. Nf3 Nf6 5. Be2 0-0 6. 0-0 c5 7. d5 a6 8. a4 e5 9. Bg5 h6 10. Bh4 Qc7 11. h3 Nbd7 12. a5 Nh7 13. Bg3 f5 1/2-1/2

[Event "Ruhrgebiet Verbandsklasse Gruppe 2 1718"]
[Site "Germany"]
[Date "2017.11.05"]
[Round "3.3"]
[White "Boehmfeldt, Bruno"]
[Black "Zagrabski, Kevin"]
[Result "0-1"]
[WhiteElo "2259"]
[BlackElo "1883"]
[PlyCount "118"]
[EventDate "2017.09.17"]
[EventType "team-tourn"]
[EventRounds "9"]
[EventCountry "GER"]
[SourceTitle "EXT 2022"]
[Source "ChessBase"]
[SourceDate "2021.10.06"]
[SourceVersion "1"]
[SourceVersionDate "2021.10.06"]
[SourceQuality "1"]
[WhiteTeam "Dortmund Matt Inn"]
[BlackTeam "Essen SK Germania Kupferdreh"]
[WhiteTeamCountry "GER"]
[BlackTeamCountry "GER"]

1. g3 d5 2. d3 Nf6 3. Bg2 c6 4. Nf3 Bg4 5. h3 Bh5 6. 0-0 e6 7. Nbd2 Bc5 8. e4 0-0 9. Qe2 Nbd7 10. Nb3 Bb6 11. Bf4 e5 12. Bd2 dxe4 13. dxe4 Qe7 14. Bc3 a5 15. a4 Rfe8 16. Qe1 Nc5 17. Nfd2 Nxb3 18. Nxb3 Qc7 19. g4 Bg6 20. Rd1 h6 21. Qe2 Nh7 22. Rd3 f6 23. Rfd1 Nf8 24. Qe1 Bf7 25. Nc1 Be6 26. b3 Qf7 27. Bd2 h5 28. Bf3 Qg6 29. Qe2 hxg4 30. Bxg4 f5 31. exf5 Bxf5 32. Rg3 Bxc2 33. Re1 Bf5 34. Kg2 Re6 35. Bh5 Qh7 36. Bg5 Bc7 37. Bg4 e4 38. Bxf5 Qxf5 39. Rg4 Rae8 40. Rg1 Ng6 41. Be3 Ne5 42. Rg5 Qf3+ 43. Kf1 Qxh3+ 44. R1g2 Nf3 45. Rxg7+ Kh8 46. Qc4 Qh1+ 47. Rg1 Nxg1 48. Rxg1 Qh3+ 49. Ke1 Qf5 50. Rg5 Qf6 51. Qe2 Qf3 52. Qc4 Bf4 53. Qd4+ Re5 54. Rxe5 Bxe5 55. Qc4 Rd8 56. Qc2 Kh7 57. Na2 Rd3 58. Nc1 Bc3+ 59. Kf1 Rd1+ 0-1

[Event "Ruhrgebiet Verbandsliga1 1112"]
[Site "Nordrheinwestfalen"]
[Date "2011.10.09"]
[Round "2.8"]
[White "Zagrabski, Kevin"]
[Black "Herrmann, Christoph"]
[Result "1-0"]
[WhiteElo "1773"]
[BlackElo "1816"]
[PlyCount "87"]
[EventDate "2012.09.18"]
[EventType "team-tourn"]
[EventRounds "9"]
[EventCountry "GER"]
[SourceTitle "EXT 2020"]
[Source "ChessBase"]
[SourceDate "2019.10.17"]
[SourceVersion "1"]
[SourceVersionDate "2019.10.17"]
[SourceQuality "1"]
[WhiteTeam "Essen Ueberruhr"]
[BlackTeam "Dortmund Hansa III"]
[WhiteTeamCountry "GER"]
[BlackTeamCountry "GER"]

1. d4 Nf6 2. Bf4 g6 3. Nf3 Bg7 4. e3 d6 5. c3 0-0 6. Qb3 c6 7. Nbd2 Nbd7 8. Be2 Qe8 9. 0-0 e5 10. dxe5 dxe5 11. Bg3 Nh5 12. Ne4 Nxg3 13. hxg3 Qe7 14. Rad1 Nb6 15. Rd2 Be6 16. Qc2 Rad8 17. Rfd1 Rxd2 18. Rxd2 Rd8 19. b4 Rxd2 20. Nfxd2 Nd7 21. Nb3 b6 22. a3 f5 23. Ned2 Qd6 24. c4 c5 25. b5 e4 26. g4 Qe5 27. gxf5 gxf5 28. g4 Bf8 29. gxf5 Bxf5 30. Bf1 Bd6 31. Bg2 Nf6 32. Nf1 Ng4 33. Nbd2 Qg7 34. Nxe4 Qh6 35. Qd3 Bh2+ 36. Nxh2 Qxh2+ 37. Kf1 Qe5 38. Qd5+ Kg7 39. Bf3 Qa1+ 40. Kg2 Qe5 41. Qb7+ Kh6 42. Ng3 Kg5 43. Bxg4 Bxg4 44. f4+ 1-0